Responses for Show #2735 - Friday, June 21, 1996

Mary Hirschfeld game 5.

Contestants

[<< previous game]

Karl Coryat, a managing editor from Oakland, California

Michael Dominguez, an elementary school teacher from Los Angeles, California

Mary Hirschfeld, a professor of economics originally from Pullman, Washington (whose 4-day cash winnings total $56,004)

[next game >>]

Jeopardy! Round responses

ACTRESSES' FIRST FILMS
LIBRARIES
TELEPHONE HISTORY
VERMONTERS
"X", "Y", "Z"
SHAKESPEAREAN LAST SCENES
    $100 21
Kathleen Turner

Mary
    $100 14
Ireland

Mary
    $100 26
MCI

Mary
    $100 11
Ethan Allen

Karl
    $100 6
a yam

Mary
    $100 1
All's Well That Ends Well

Karl
    $200 22
(Lauren) Bacall

Mary
    $200 17
the LBJ library

Mary
    $200 27
911

Michael
    $200 12
Joseph Smith

Karl
    $200 7
a zebra

Mary
    $200 2
The Two Gentlemen of Verona

Karl
    $300 23
Jane Russell

Karl
    $300 18
Yale

Mary
    $300 28
the "War of the Worlds"

Mary
    $300 13
John Deere

Michael
    $300 8
a yak

Mary
    $300 3
Elizabeth I

Mary
    $400 24
(Alex: Lovely lady, actress and singer, Academy Award winner, [*].)

Shirley Jones

Triple Stumper
    $1,500 19
(Mary: Who is [*]?)
(Alex: Yes, of course.)

Steinbeck

Mary
    $400 29
(Michael: What is 1-800?)

1-900

MichaelKarl
    $400 15
the Sherman (Antitrust Act)

Karl
    $400 9
x-rays

Mary
    $400 4
A Midsummer Night's Dream

Mary
    $500 25
Jamie Lee Curtis

Mary
    $500 20
Oxford University

Michael
    $500 30
(Karl: Who is Edison?)

Alexander Graham Bell

Karl
Triple Stumper
    $500 16
Horace Greeley

Michael
    $500 10
Xavier

Karl
    $500 5
The Taming of the Shrew

Mary

Scores at the first commercial break (after clue 15):

Mary Michael Karl
$2,300 $300 $1,500

Scores at the end of the Jeopardy! Round:

Mary Michael Karl
$5,500 $1,100 $1,700

Double Jeopardy! Round responses

MEDICAL MILESTONES
POETS & POETRY
WORLD GEOGRAPHY
MIXED DRINKS
THE 1930s
POP MUSIC
    $200 1
Philadelphia

Karl
    $200 20
The Canterbury Tales

Mary
    $200 6
Australia

Michael
    $200 13
a lemon

Michael
    $200 7
Germany

Michael
    $200 25
Paul Simon

Michael
    $400 2
a thermometer

Michael
    $400 21
"The Village Blacksmith"

Triple Stumper
    $400 12
Egypt

Michael
    $400 14
grenadine

Mary
    $400 8
Walter Cronkite

Karl
    $400 26
Tina Turner

Mary
    $600 3
a dialysis machine

Michael
    $600 22
"Old Ironsides"

Karl
    $600 15
the Tagus

Michael
    $600 16
(Alex: It's added to [*]; if you want a Kir Royale you add it to champagne.)

white wine

Triple Stumper
    $600 9
the akita

Karl
    $600 27
(Michael: What is Colorado?)

West Virginia

MaryMichael
    $800 4
syphilis

Karl
    $800 23
(James Whitcomb) Riley

Karl
    $1,500 17
Angola

Michael
    $800 19
soda water

Karl
    $800 10
Arthur Fiedler

Karl
    $800 28
the Osmonds

Michael
    $2,000 5
Barney Clark

Karl
    $1000 24
(Karl: Who is...[grimaces]?)

(Aleksandr) Pushkin

MaryKarl
    $1000 18
the Thar Desert

Triple Stumper
    $1000 30
a Rob Roy

Karl
    $1000 11
(Lucy Maud) Montgomery

Karl
    $1000 29
Dionne Warwick

Michael

Scores at the end of the Double Jeopardy! Round:

Mary Michael Karl
$8,100 $6,600 $9,700

[wagering suggestions for these scores]

Final Jeopardy! Round responses

AMERICAN HISTORY
(Alex: The speaker of the House of Burgesses said, "[*]!" and the response to that was, "If this be [*], make the most of it.")
MichaelWhat is War?
$6,599
MaryWhat is Liberty?
$6,000
KarlWhat is Treason?
$6,600
Treason

Final scores:

Mary Michael Karl
$2,100 $1 $16,300
2nd place: a Quail Lodge resort vacation + Helbros his-and-her watches 3rd place: a Motorola cellular phone New champion: $16,300

Game dynamics:

Coryat scores:

Mary Michael Karl
$7,000 $5,900 $8,700
21 R
(including 1 DD),
0 W
15 R
(including 1 DD),
2 W
19 R
(including 1 DD),
2 W

Combined Coryat: $21,600

[game clues] [game scores] [suggest correction]

Game tape date: 1996-02-07
The J! Archive is created by fans, for fans. Scraping, republication, monetization, and malicious use prohibited; this site may use cookies and collect identifying information. See terms. The Jeopardy! game show and all elements thereof, including but not limited to copyright and trademark thereto, are the property of Jeopardy Productions, Inc. and are protected under law. This website is not affiliated with, sponsored by, or operated by Jeopardy Productions, Inc. Join the discussion at JBoard.tv.